Music Quiz

Random Music or Song Quiz

'Time For Heroes' Lyrics Quiz Stats

Quiz not verified by Sporcle

Challenge
Share
Tweet
Embed
Score 0/291 Timer 08:00
0 Plays Today
% Correct
you
99.2%
you
99.2%
you
99.2%
you
99.2%
you
99.2%
you
99.2%
you
99.2%
you
99.2%
you
99.2%
You
99.2%
you
99.2%
you
99.2%
the
98.9%
the
98.9%
the
98.9%
I
98.9%
the
98.9%
the
98.9%
I
98.9%
I
98.9%
the
98.9%
I
98.9%
the
98.9%
the
98.9%
the
98.9%
I
98.9%
I
98.9%
I
98.9%
The
98.9%
I
98.9%
the
98.9%
the
98.9%
the
98.9%
the
98.9%
I
98.9%
I
98.9%
see
98.6%
see
98.6%
Did
98.4%
Did
98.4%
A
97.6%
a
97.6%
a
97.6%
a
97.6%
a
97.6%
a
97.6%
a
97.6%
A
97.6%
in
97.3%
in
97.3%
in
97.3%
in
97.3%
in
97.3%
in
97.3%
riot
95.7%
riot
95.7%
kids
95.1%
kids
95.1%
my
94.9%
my
94.9%
my
94.9%
my
94.9%
my
94.9%
my
94.9%
my
94.9%
my
94.9%
my
94.9%
my
94.9%
stylish
94.6%
stylish
94.6%
love
94.3%
love
94.3%
love
94.3%
an
94.3%
love
94.3%
love
94.3%
love
94.3%
love
94.3%
and
93.8%
and
93.8%
and
93.8%
And
93.8%
and
93.8%
and
93.8%
and
93.8%
and
93.8%
and
93.8%
and
93.8%
up
93.2%
up
93.2%
up
93.2%
up
93.2%
up
93.2%
up
93.2%
cherish
91.9%
cherish
91.9%
cherish
91.9%
% Correct
cherish
91.9%
cherish
91.9%
on
91.1%
on
91.1%
on
91.1%
on
91.1%
know
89.7%
know
89.7%
know
89.7%
to
87.8%
like
87.3%
like
87.3%
fire
87%
fire
87%
night
85.7%
night
85.7%
it
85.4%
it
85.4%
it
85.4%
it
85.4%
it
85.4%
Oh
84.6%
Ah
84.6%
Oh
84.6%
down
83.8%
down
83.8%
down
83.8%
down
83.8%
down
83.8%
shields
83.2%
shields
83.2%
set
83%
set
83%
town
81.6%
all
81.6%
all
81.6%
all
81.6%
all
81.6%
town
81.6%
all
81.6%
all
81.6%
bleed
78.9%
bleed
78.9%
truncheons
78.4%
truncheons
78.4%
what
78.1%
what
78.1%
what
78.1%
what
78.1%
Shovelled
77%
Shovelled
77%
me
76.8%
me
76.8%
me
76.8%
around
73.5%
baseball
73.5%
muck
73.2%
your
73.2%
cap
73.2%
muck
73.2%
with
73%
got
73%
with
73%
got
73%
that
73%
trousers
72.7%
want
72.7%
want
72.7%
disease
72.4%
you've
72.4%
it's
72.4%
it's
72.4%
It's
72.4%
It's
72.4%
it's
72.4%
it's
72.4%
It's
72.4%
you've
72.4%
of
71.6%
of
71.6%
of
71.6%
He
71.4%
he
71.4%
Wombles
71.1%
nasty
71.1%
Wombles
71.1%
Tell
69.2%
tell
69.2%
spread
68.4%
now
68.4%
blood
68.4%
Now
68.4%
Now
68.4%
now
68.4%
now
68.4%
day
68.1%
Bones
68.1%
% Correct
Bones
68.1%
day
68.1%
Bones
68.1%
Bones
68.1%
be
67.3%
Englishman
67.3%
we
67%
rumour
66.8%
wall
66.5%
knows
65.9%
knows
65.9%
knows
65.9%
knows
65.9%
can
65.7%
Bill
65.7%
Bill
65.7%
coughing
65.7%
can
65.7%
Bill
65.7%
Bill
65.7%
for
65.1%
Caught
64.9%
young
64.6%
year
64.3%
not
64.3%
year
64.3%
this
64.1%
class
63.2%
class
63.2%
class
63.2%
die
62.4%
bush
62.2%
is
62.2%
is
62.2%
lungs
61.9%
houses
61.6%
Time
61.4%
away
61.4%
right
61.4%
Time
61.4%
away
61.4%
more
61.1%
than
61.1%
are
60.8%
are
60.8%
obscene
60%
obscene
60%
rush
59.7%
bring
59.7%
there's
59.5%
there's
59.5%
were
59.5%
distressing
58.4%
scene
57.8%
faces
57.8%
scene
57.8%
hands
57.6%
round
57.3%
born
57.3%
our
57.3%
our
57.3%
ignorant
57%
own
57%
own
57%
sights
56.8%
we'll
56.8%
Well
56.8%
head
56.2%
knees
55.9%
knees
55.9%
stakes
54.9%
mean
52.7%
mean
52.7%
fewer
52.7%
these
51.9%
chewing
51.1%
myself
51.1%
myself
51.1%
that's
51.1%
will
50.3%
will
50.3%
hop
47.8%
eating
47.3%
But
46.2%
chips
45.7%
strip
44.3%
strip
44.3%
stale
44.1%
pride
43%
How
42.2%
passed
39.7%
passed
39.7%
Yeah
35.7%
sunken
35.1%
whole
30%
they
29.5%
sighed
23.8%

You're not logged in!

Compare scores with friends on all Sporcle quizzes.
Sign Up with Email
OR
Log In

You Might Also Like...

Show Comments

Extras

Top Quizzes Today


Score Distribution

Your Account Isn't Verified!

In order to create a playlist on Sporcle, you need to verify the email address you used during registration. Go to your Sporcle Settings to finish the process.